000 00584nam a2200205 u 4500
005 20240511063838.0
008 080722s1991 r 000 0 eng d
020 _a842612139X
035 _aUPN01000157861
049 _aI
050 4 _aPZ76.3
_bC5.7
100 1 _aClaret, María
_935555
245 1 4 _aLos tres osos y ricitos de oro /
_cMaría Claret.
260 _aBarcelona, Esp. :
_bJuventud,
_c1991.
300 _a[28] p. :
_bil. col.
440 0 _aCuadrada
650 0 _aAnimales
_vCuentos y leyendas
_9234
650 4 _aOsos
_vCuentos y leyendas
_910810
905 _aInfantil
999 _c129975
_d129975